<?xml version="1.0" encoding="UTF-8"?>
<record
    xmlns:xsi="http://www.w3.org/2001/XMLSchema-instance"
    xsi:schemaLocation="http://www.loc.gov/MARC21/slim http://www.loc.gov/standards/marcxml/schema/MARC21slim.xsd"
    xmlns="http://www.loc.gov/MARC21/slim">

  <leader>01802nas a2200277Ia 4500</leader>
  <controlfield tag="001">R050-S1047</controlfield>
  <controlfield tag="003">IT-CnALBA</controlfield>
  <controlfield tag="008">170116c99999999xx ||||||||||||   ||und||</controlfield>
  <datafield tag="040" ind1=" " ind2=" ">
    <subfield code="a">IT-CnALBA</subfield>
    <subfield code="c">IT-CnALBA</subfield>
  </datafield>
  <datafield tag="041" ind1=" " ind2=" ">
    <subfield code="a">ITALIANO</subfield>
  </datafield>
  <datafield tag="100" ind1=" " ind2=" ">
    <subfield code="a">LORIA ACHILLE</subfield>
  </datafield>
  <datafield tag="210" ind1=" " ind2=" ">
    <subfield code="a">NUOVA ANTOLOGIA</subfield>
  </datafield>
  <datafield tag="222" ind1=" " ind2=" ">
    <subfield code="a">NUOVA ANTOLOGIA</subfield>
  </datafield>
  <datafield tag="245" ind1=" " ind2="0">
    <subfield code="a">NUOVA ANTOLOGIA. 16 MARZO 1920.  </subfield>
    <subfield code="b"> RIVISTA DI LETTERE SCIENZE ARTI</subfield>
  </datafield>
  <datafield tag="250" ind1=" " ind2=" ">
    <subfield code="a">1a ed.</subfield>
  </datafield>
  <datafield tag="260" ind1=" " ind2=" ">
    <subfield code="a"> ROMA</subfield>
    <subfield code="b">LA NUOVA ANTOLOGIA, SOC. PER AZ. </subfield>
    <subfield code="c">1920 [1&#xB0; Ed.:1920 - Ed.Ling.Originale: 1920]</subfield>
  </datafield>
  <datafield tag="300" ind1=" " ind2=" ">
    <subfield code="a">112 p. </subfield>
  </datafield>
  <datafield tag="310" ind1=" " ind2=" ">
    <subfield code="a">QUINDICINALE</subfield>
  </datafield>
  <datafield tag="362" ind1=" " ind2=" ">
    <subfield code="a">Fascicolo: 1152 / Anno: 55 (1920)</subfield>
  </datafield>
  <datafield tag="500" ind1=" " ind2=" ">
    <subfield code="a">CRISI D'EUROPA. GLI ACCUSATORI DELLA DEMOCRAZIA. UN NEMICO DI CRISTO. CONTRO CORRENTE, ROMANZO, FERRARIS M. DAI CANTI GIOVANILI AL TESTAMENTO DI V. LOCCHI, GALIMBERTI A. GIANNINA MILLI E FRANCESCA ALEXANDER, BERNABEI F. ALBORI RISORGIMENTO PIEMONTE 1821, FERROGLIO G. L'INTESA E IL GOVERNO DEI SOVIET, VLADIMIR. LA CRITICA E L'ARTE DI LEONARDO DA VINCI, VENTURI L. PITTALUGA M. IL RINCARO DELLA VITA E CONTROLLO DEI PREZZI. TRA LIBRI E RIVISTE. NOTIZIE E PUBBLICAZIONI RECENTI. </subfield>
  </datafield>
  <datafield tag="501" ind1=" " ind2=" ">
    <subfield code="a">Societ&#xE0; San Paolo EM - Piazza San Paolo, 14 - 12051 ALBA (CN)  (non commercial uses only) &#xAE; Copyright 2017</subfield>
  </datafield>
  <datafield tag="520" ind1=" " ind2=" ">
    <subfield code="a">CRISI D'EUROPA. GLI ACCUSATORI DELLA DEMOCRAZIA. UN NEMICO DI CRISTO. CONTRO CORRENTE, ROMANZO, FERRARIS M. DAI CANTI GIOVANILI AL TESTAMENTO DI V. LOCCHI, GALIMBERTI A. GIANNINA MILLI E FRANCESCA ALEXANDER, BERNABEI F. ALBORI RISORGIMENTO PIEMONTE 1821, FERROGLIO G. L'INTESA E IL GOVERNO DEI SOVIET, VLADIMIR. LA CRITICA E L'ARTE DI LEONARDO DA VINCI, VENTURI L. PITTALUGA M. IL RINCARO DELLA VITA E CONTROLLO DEI PREZZI. TRA LIBRI E RIVISTE. NOTIZIE E PUBBLICAZIONI RECENTI. </subfield>
  </datafield>
  <datafield tag="650" ind1=" " ind2=" ">
    <subfield code="a">PERIODICI</subfield>
  </datafield>
  <datafield tag="942" ind1=" " ind2=" ">
    <subfield code="c">CR</subfield>
  </datafield>
  <datafield tag="957" ind1=" " ind2=" ">
    <subfield code="7">1</subfield>
  </datafield>
  <datafield tag="999" ind1=" " ind2=" ">
    <subfield code="a">62613</subfield>
    <subfield code="b">SI </subfield>
    <subfield code="g">1</subfield>
    <subfield code="c">329639</subfield>
    <subfield code="d">329639</subfield>
  </datafield>
  <datafield tag="952" ind1=" " ind2=" ">
    <subfield code="0">0</subfield>
    <subfield code="1">0</subfield>
    <subfield code="4">0</subfield>
    <subfield code="6">R_050S1047</subfield>
    <subfield code="7">1</subfield>
    <subfield code="a">ALBA</subfield>
    <subfield code="b">ALBA</subfield>
    <subfield code="d">2017-01-16</subfield>
    <subfield code="l">0</subfield>
    <subfield code="o">R050-S1047</subfield>
    <subfield code="r">2017-01-16 00:00:00</subfield>
    <subfield code="w">2017-01-16</subfield>
    <subfield code="y">CR</subfield>
    <subfield code="z">(data import: 16 gennaio 2017) - By Epidotti, Vaglietti. </subfield>
  </datafield>
</record>
